[Event "SVK-ch U14"]
[Site "Liptovsky Mikulas"]
[Date "2017.04.26"]
[Round "7"]
[White "Pogadl, Jakub"]
[Black "Dolnik, Mate"]
[Result "0-1"]
[WhiteElo "1531"]
[BlackElo "1403"]
[PlyCount "82"]
[EventDate "2017.04.22"]
[EventType "swiss"]
[EventRounds "9"]
[EventCountry "SVK"]
[SourceTitle "CBM 178 Extra"]
[Source "ChessBase"]
[SourceDate "2017.06.22"]
[SourceVersion "1"]
[SourceVersionDate "2017.06.22"]
[SourceQuality "1"]

1. c4 e6 2. Nc3 d5 3. e3 Nf6 4. Nf3 Be7 5. Be2 0-0 6. 0-0 Nc6 7. b3 Re8 8. Bb2 Bd6 9. Qc2 h6 10. Bd3 Nb4 11. Qb1 Nxd3 12. Qxd3 c6 13. Rfe1 a6 14. Qe2 Bc7 15. Rad1 e5 16. cxd5 cxd5 17. e4 d4 18. Na4 Bd6 19. Ba1 b5 20. Nb2 Bb7 21. d3 Rc8 22. Rc1 Qd7 23. a4 Rc6 24. Qd2 Rec8 25. axb5 axb5 26. Qd1 Rxc1 27. Qxc1 Rxc1 28. Rxc1 Qe7 29. Nd1 Nd7 30. Nd2 Nc5 31. Nb2 Qg5 32. Rd1 Bc8 33. g3 Bg4 34. f3 Bxf3 35. Nxf3 Qe3+ 36. Kg2 Qe2+ 37. Kg1 Qxf3 38. b4 Nb3 39. Rf1 Qe3+ 40. Kh1 Nxa1 41. Rxa1 Bxb4 0-1

[Event "SVK-ch U14"]
[Site "Liptovsky Mikulas"]
[Date "2017.04.25"]
[Round "6"]
[White "Dolnik, Mate"]
[Black "Kostelansky, Karol"]
[Result "1/2-1/2"]
[WhiteElo "1403"]
[BlackElo "1112"]
[PlyCount "34"]
[EventDate "2017.04.22"]
[EventType "swiss"]
[EventRounds "9"]
[EventCountry "SVK"]
[SourceTitle "CBM 178 Extra"]
[Source "ChessBase"]
[SourceDate "2017.06.22"]
[SourceVersion "1"]
[SourceVersionDate "2017.06.22"]
[SourceQuality "1"]

1. e4 c6 2. Nc3 d5 3. Qe2 dxe4 4. Nxe4 Bf5 5. d3 e6 6. g3 Nf6 7. Bg2 Nbd7 8. Nf3 Be7 9. 0-0 0-0 10. Re1 Re8 11. a4 Qb6 12. Be3 Qc7 13. Nxf6+ Bxf6 14. Reb1 Rad8 15. Bg5 Bg4 16. Bxf6 Nxf6 17. Qd2 Nd5 1/2-1/2

[Event "SVK-ch U14"]
[Site "Liptovsky Mikulas"]
[Date "2017.04.23"]
[Round "2"]
[White "Dolnik, Mate"]
[Black "Viczencz, Peter"]
[Result "1/2-1/2"]
[WhiteElo "1403"]
[BlackElo "1764"]
[PlyCount "73"]
[EventDate "2017.04.22"]
[EventType "swiss"]
[EventRounds "9"]
[EventCountry "SVK"]
[SourceTitle "CBM 178 Extra"]
[Source "ChessBase"]
[SourceDate "2017.06.22"]
[SourceVersion "1"]
[SourceVersionDate "2017.06.22"]
[SourceQuality "1"]

1. e4 c5 2. c3 d5 3. e5 Nc6 4. d4 Bf5 5. Nf3 e6 6. Be2 f6 7. Nh4 fxe5 8. Nxf5 exf5 9. Bb5 cxd4 10. cxd4 Qa5+ 11. Nc3 Bb4 12. Bxc6+ bxc6 13. Qd3 e4 14. Qc2 Ne7 15. 0-0 0-0 16. a3 Bd6 17. f3 c5 18. Be3 f4 19. dxc5 Bxc5 20. Bxc5 Qxc5+ 21. Kh1 d4 22. Qb3+ Kh8 23. Nxe4 Qb6 24. Qxb6 axb6 25. Rfd1 Rfd8 26. Ng5 Rd5 27. Ne6 Rc8 28. Rxd4 Rxd4 29. Nxd4 Rc4 30. Ne6 Kg8 31. b3 Rc3 32. Nxf4 Rxb3 33. Kg1 Kf7 34. a4 Nc6 35. Nd5 Ke6 36. Nc7+ Kf6 37. Nd5+ 1/2-1/2

[Event "SVK-ch U14"]
[Site "Liptovsky Mikulas"]
[Date "2017.04.23"]
[Round "3"]
[White "Zumrik, Marek"]
[Black "Dolnik, Mate"]
[Result "1-0"]
[WhiteElo "1233"]
[BlackElo "1403"]
[PlyCount "91"]
[EventDate "2017.04.22"]
[EventType "swiss"]
[EventRounds "9"]
[EventCountry "SVK"]
[SourceTitle "CBM 178 Extra"]
[Source "ChessBase"]
[SourceDate "2017.06.22"]
[SourceVersion "1"]
[SourceVersionDate "2017.06.22"]
[SourceQuality "1"]

1. e4 e5 2. Nf3 Nc6 3. Bc4 Nf6 4. d3 Be7 5. 0-0 d6 6. c3 0-0 7. Re1 h6 8. Bb3 Be6 9. Bc2 Qd7 10. h3 Rfe8 11. Nbd2 Bf8 12. Nf1 Ne7 13. Ng3 Ng6 14. Be3 Nf4 15. Qd2 Ng6 16. Rac1 d5 17. Bb3 dxe4 18. dxe4 Qxd2 19. Bxd2 Bxb3 20. axb3 Rad8 21. Rcd1 Nf4 22. Be3 Ng6 23. Kf1 Bd6 24. Rd2 Nf4 25. Red1 a6 26. Bc5 Be7 27. Rxd8 Bxd8 28. c4 c6 29. Bb4 Be7 30. Bc3 Ng6 31. Nxe5 Nxe5 32. Bxe5 Bc5 33. f4 Kh7 34. Ke2 Bb6 35. Kf3 Rd8 36. Rxd8 Bxd8 37. Nf5 g6 38. Nd6 b5 39. Nxf7 Be7 40. Bd6 Kg7 41. Bxe7 Kxf7 42. Bxf6 Kxf6 43. g4 g5 44. e5+ Ke6 45. Ke4 c5 46. f5+ 1-0

[Event "SVK-ch U14"]
[Site "Liptovsky Mikulas"]
[Date "2016.04.21"]
[Round "7"]
[White "Durica, Adam"]
[Black "Dolnik, Mate"]
[Result "1-0"]
[WhiteElo "1706"]
[BlackElo "1263"]
[PlyCount "43"]
[EventDate "2016.04.16"]
[EventType "swiss"]
[EventRounds "9"]
[EventCountry "SVK"]
[SourceTitle "CBM 172 Extra"]
[Source "ChessBase"]
[SourceDate "2016.06.21"]
[SourceVersion "1"]
[SourceVersionDate "2016.06.21"]
[SourceQuality "1"]

1. Nf3 Nf6 2. g3 d5 3. Bg2 c6 4. 0-0 Nbd7 5. d3 e5 6. Bg5 Be7 7. Nbd2 h6 8. Bxf6 Bxf6 9. e4 d4 10. Qe2 0-0 11. h4 Qe7 12. Nh2 Re8 13. f4 g6 14. Ng4 h5 15. Nxf6+ Qxf6 16. f5 Kh8 17. Nf3 gxf5 18. exf5 Qxf5 19. Ng5 Qg4 20. Qf2 f6 21. Bh3 fxg5 22. Bxg4 1-0

[Event "SVK-ch U14"]
[Site "Liptovsky Mikulas"]
[Date "2016.04.19"]
[Round "5"]
[White "Dolnik, Mate"]
[Black "Zahorcek, Jakub"]
[Result "1-0"]
[WhiteElo "1263"]
[BlackElo "1571"]
[PlyCount "41"]
[EventDate "2016.04.16"]
[EventType "swiss"]
[EventRounds "9"]
[EventCountry "SVK"]
[SourceTitle "CBM 172 Extra"]
[Source "ChessBase"]
[SourceDate "2016.06.21"]
[SourceVersion "1"]
[SourceVersionDate "2016.06.21"]
[SourceQuality "1"]

1. e4 d5 2. exd5 Nf6 3. c4 c6 4. dxc6 Nxc6 5. Nf3 e5 6. d3 Bc5 7. Be2 Nd4 8. Nxd4 Qxd4 9. Nc3 Be7 10. Be3 Qd7 11. Qd2 0-0 12. 0-0 Rd8 13. Rfd1 Qc7 14. b3 Bb4 15. a3 Bc5 16. Bxc5 Qxc5 17. b4 Qc6 18. Qe3 Qe6 19. Nb5 Ng4 20. Bxg4 Qxg4 21. f3 1-0

[Event "SVK-ch U14"]
[Site "Liptovsky Mikulas"]
[Date "2016.04.18"]
[Round "4"]
[White "Sandor, Martin"]
[Black "Dolnik, Mate"]
[Result "1/2-1/2"]
[WhiteElo "1746"]
[BlackElo "1263"]
[PlyCount "42"]
[EventDate "2016.04.16"]
[EventType "swiss"]
[EventRounds "9"]
[EventCountry "SVK"]
[SourceTitle "CBM 172 Extra"]
[Source "ChessBase"]
[SourceDate "2016.06.21"]
[SourceVersion "1"]
[SourceVersionDate "2016.06.21"]
[SourceQuality "1"]

1. e4 e5 2. Nf3 Nc6 3. d4 exd4 4. Nxd4 Bc5 5. Be3 Qf6 6. c3 Bb6 7. Nf5 d6 8. Qf3 Bxe3 9. Nxe3 Qxf3 10. gxf3 Nf6 11. Bb5 Bd7 12. Nd2 a6 13. Ba4 0-0-0 14. f4 Ne7 15. Bxd7+ Rxd7 16. Ke2 Ng6 17. Kf3 Re8 18. Rae1 Ne7 19. c4 g6 20. Ndf1 Nc6 21. Nc2 Rde7 1/2-1/2

[Event "SVK-ch U12"]
[Site "Tatralandia"]
[Date "2015.04.25"]
[Round "9"]
[White "Zelnik, Simon"]
[Black "Dolnik, Mate"]
[Result "0-1"]
[WhiteElo "1155"]
[BlackElo "1162"]
[PlyCount "48"]
[EventDate "2015.04.18"]
[EventType "swiss"]
[EventRounds "9"]
[EventCountry "SVK"]
[SourceTitle "CBM 166 Extra"]
[Source "ChessBase"]
[SourceDate "2015.06.18"]
[SourceVersion "1"]
[SourceVersionDate "2015.06.18"]
[SourceQuality "1"]

1. e4 e5 2. Nf3 Nc6 3. Bc4 Nf6 4. Nc3 Nxe4 5. Nxe4 d5 6. Bxd5 Qxd5 7. Nc3 Qa5 8. 0-0 Bg4 9. h3 Bh5 10. d3 Nd4 11. Re1 Nxf3+ 12. gxf3 0-0-0 13. Bd2 f6 14. Ne4 Qa6 15. f4 Bxd1 16. Raxd1 Bd6 17. f5 Be7 18. a3 g6 19. fxg6 Rhg8 20. Bb4 Bxb4 21. axb4 Rxg6+ 22. Kh2 Rdg8 23. Ra1 Qe6 24. Rxa7 Rg2+ 0-1

[Event "SVK-ch U12"]
[Site "Tatralandia"]
[Date "2015.04.24"]
[Round "8"]
[White "Cedzo, Adam"]
[Black "Dolnik, Mate"]
[Result "1-0"]
[WhiteElo "1000"]
[BlackElo "1162"]
[PlyCount "73"]
[EventDate "2015.04.18"]
[EventType "swiss"]
[EventRounds "9"]
[EventCountry "SVK"]
[SourceTitle "CBM 166 Extra"]
[Source "ChessBase"]
[SourceDate "2015.06.18"]
[SourceVersion "1"]
[SourceVersionDate "2015.06.18"]
[SourceQuality "1"]

1. e4 e5 2. Nf3 Nc6 3. Bc4 Nf6 4. Ng5 d5 5. exd5 Na5 6. d3 Nxc4 7. dxc4 h6 8. Nf3 e4 9. Nd4 Bc5 10. h3 0-0 11. 0-0 Bd7 12. Be3 Bd6 13. Qd2 Kh7 14. Nc3 Qc8 15. Kh1 Bxh3 16. Bf4 Bxg2+ 17. Kxg2 Qg4+ 18. Bg3 Nh5 19. Qe3 Nf4+ 20. Kg1 f5 21. Nce2 Nh3+ 22. Kg2 h5 23. f3 exf3+ 24. Qxf3 Ng5 25. Qxg4 fxg4 26. Bxd6 cxd6 27. Rxf8 Rxf8 28. Nb5 Ne4 29. Rf1 Rc8 30. b3 a6 31. Nbc3 Nf6 32. Ng3 h4 33. Nge4 Nxe4 34. Nxe4 Rd8 35. Rf4 Re8 36. Rxg4 g5 37. Nf6+ 1-0

[Event "SVK-ch U12"]
[Site "Tatralandia"]
[Date "2015.04.21"]
[Round "5"]
[White "Dolnik, Mate"]
[Black "Sadiku, Matus"]
[Result "1-0"]
[WhiteElo "1162"]
[BlackElo "1109"]
[PlyCount "39"]
[EventDate "2015.04.18"]
[EventType "swiss"]
[EventRounds "9"]
[EventCountry "SVK"]
[SourceTitle "CBM 166 Extra"]
[Source "ChessBase"]
[SourceDate "2015.06.18"]
[SourceVersion "1"]
[SourceVersionDate "2015.06.18"]
[SourceQuality "1"]

1. e4 c5 2. Nf3 d6 3. d4 cxd4 4. Nxd4 Nf6 5. Nc3 g6 6. Be3 Bg7 7. f3 0-0 8. Qd2 Nbd7 9. Bc4 Ne5 10. Bb3 a6 11. 0-0-0 e6 12. h4 h5 13. Bg5 b5 14. a3 Bb7 15. g4 hxg4 16. h5 Qc8 17. hxg6 Nxg6 18. Bxf6 Bxf6 19. Qh6 Re8 20. Nxe6 1-0

[Event "SVK-ch U12"]
[Site "Tatralandia"]
[Date "2015.04.20"]
[Round "3"]
[White "Dolnik, Mate"]
[Black "Jurgos, Samuel"]
[Result "1-0"]
[WhiteElo "1162"]
[BlackElo "1000"]
[PlyCount "75"]
[EventDate "2015.04.18"]
[EventType "swiss"]
[EventRounds "9"]
[EventCountry "SVK"]
[SourceTitle "CBM 166 Extra"]
[Source "ChessBase"]
[SourceDate "2015.06.18"]
[SourceVersion "1"]
[SourceVersionDate "2015.06.18"]
[SourceQuality "1"]

1. e4 e5 2. Nf3 d6 3. Bc4 Bg4 4. h3 Bh5 5. Nc3 Nf6 6. 0-0 Be7 7. d3 0-0 8. Be3 Nc6 9. Qd2 Bxf3 10. gxf3 h6 11. Bxh6 gxh6 12. Qxh6 Nh7 13. Kh1 Kh8 14. Rg1 Rg8 15. Bxf7 Rxg1+ 16. Rxg1 Qf8 17. Rg8+ Qxg8 18. Bxg8 Rxg8 19. f4 exf4 20. Qxf4 Bf6 21. Qe3 Bxc3 22. bxc3 Rg7 23. d4 Kg8 24. d5 Ne7 25. Qxa7 Nf6 26. f3 Rg3 27. Qf2 Rg6 28. Kh2 c6 29. dxc6 bxc6 30. a4 Rg5 31. Qa7 Kf7 32. a5 Ke6 33. a6 Ra5 34. Qb6 Rc5 35. a7 Rxc3 36. a8Q Rxc2+ 37. Kg1 c5 38. Qb3+ 1-0

[Event "SVK-ch U12"]
[Site "Stara Lubovna"]
[Date "2014.04.11"]
[Round "8"]
[White "Dolnik, Mate"]
[Black "Stolar, Pavol"]
[Result "1/2-1/2"]
[WhiteElo "1090"]
[BlackElo "1172"]
[PlyCount "128"]
[EventDate "2014.04.05"]
[EventType "swiss"]
[EventRounds "9"]
[EventCountry "SVK"]
[SourceTitle "EXT 2016"]
[Source "ChessBase"]
[SourceDate "2015.10.08"]
[SourceVersion "1"]
[SourceVersionDate "2015.10.08"]
[SourceQuality "1"]

1. e4 e5 2. Nf3 Nc6 3. Bc4 Nf6 4. Ng5 d5 5. exd5 Nxd5 6. Bxd5 Qxd5 7. Nf3 Be6 8. Nc3 Qd7 9. d4 exd4 10. Nb5 0-0-0 11. Bf4 a6 12. Na3 Bc5 13. 0-0 h5 14. Qe2 d3 15. Qxd3 Qxd3 16. cxd3 Rxd3 17. Nc2 Rdd8 18. b3 Bd6 19. Be3 Ne5 20. Nfd4 Ng4 21. Nxe6 fxe6 22. h3 Nxe3 23. Nxe3 Be5 24. Rad1 Rxd1 25. Rxd1 Rd8 26. Re1 Bf6 27. Nc4 b5 28. Ne5 Rd6 29. Ng6 Kd7 30. Nf4 c5 31. Nxh5 c4 32. Nxf6+ gxf6 33. bxc4 bxc4 34. Rc1 Rc6 35. h4 Kd6 36. Kf1 Ke5 37. Ke2 Kf5 38. Ke3 Ke5 39. h5 a5 40. h6 Rc7 41. Rh1 Rh7 42. Rh5+ f5 43. Kd2 Kd5 44. g4 Kd4 45. gxf5 exf5 46. Rh4+ Kd5 47. Kc3 a4 48. Rxc4 Rxh6 49. Rxa4 Rh3+ 50. Kb2 Rh2 51. Ra5+ Ke4 52. Ra4+ Kf3 53. Ra3+ Kg4 54. Rc3 Rxf2+ 55. Kb3 Rf3 56. Rxf3 Kxf3 57. a4 f4 58. a5 Kg3 59. a6 f3 60. a7 f2 61. a8Q f1Q 62. Qg8+ Kf2 63. Qf7+ Ke1 64. Qxf1+ Kxf1 1/2-1/2

[Event "SVK-ch U12"]
[Site "Stara Lubovna"]
[Date "2014.04.07"]
[Round "4"]
[White "Schmidt, Peter3333"]
[Black "Dolnik, Mate"]
[Result "0-1"]
[WhiteElo "1000"]
[BlackElo "1090"]
[PlyCount "98"]
[EventDate "2014.04.05"]
[EventType "swiss"]
[EventRounds "9"]
[EventCountry "SVK"]
[SourceTitle "EXT 2016"]
[Source "ChessBase"]
[SourceDate "2015.10.08"]
[SourceVersion "1"]
[SourceVersionDate "2015.10.08"]
[SourceQuality "1"]

1. e4 c5 2. c4 d6 3. Bd3 Nc6 4. Nf3 e5 5. 0-0 Bg4 6. Be2 Nf6 7. d3 Bxf3 8. Bxf3 Nd4 9. Nc3 Qd7 10. h3 a6 11. Bg4 Ne6 12. Bxe6 fxe6 13. Bg5 Be7 14. Bxf6 Bxf6 15. Qh5+ g6 16. Qh6 b5 17. cxb5 axb5 18. b3 d5 19. a4 bxa4 20. bxa4 Rd8 21. exd5 exd5 22. Rfe1 Qe7 23. a5 Bg5 24. Qxg5 Qxg5 25. a6 Kf7 26. a7 Ke6 27. Ra2 h5 28. Rea1 Qh6 29. a8Q Rxa8 30. Rxa8 Rxa8 31. Rxa8 Qc1+ 32. Kh2 Qxc3 33. Ra6+ Kf5 34. Ra8 Qxd3 35. Rf8+ Ke6 36. Re8+ Kf7 37. Rc8 d4 38. Rc7+ Ke6 39. Rxc5 Kf5 40. Rc8 Ke4 41. f3+ Ke3 42. Rc1 Kf2 43. Rg1 Qf5 44. g4 Qf4+ 45. Kh1 Qxf3+ 46. Kh2 d3 47. gxh5 gxh5 48. h4 Qf4+ 49. Kh1 Qxh4# 0-1